000 01026nmc a2200313 a 4500
003 AR-BaBNM
005 20251128211712.0
008 175120s2005 ||||||||||||||000 | spa||
020 _a950-12-2909-2
040 _cAR-BaBNM
100 1 _aColombo, Jorge A.
245 1 0 _aHacia un programa público de estimulación cognitiva infantil
_bfundamentos, métodos y resultados de una experiencia de intervención preescolar controlada
250 _a1ª ed.
260 _aBuenos Aires
_bPaidós
_c2005
300 0 _a174 p.
490 0 _aCuadernos de evaluación psicológica
_vv. 9
500 0 _aContiene apéndices
504 _aBibliografía en p. 167-174
610 2 4 _aHospital de Pediatría Pedro de Elizalde
650 4 _aESTIMULACION TEMPRANA
650 4 _aDESARROLLO COGNOSCITIVO
650 4 _aPROGRAMAS DE SALUD
650 4 _aINVESTIGACION PSICOLOGICA
651 4 _aBuenos Aires [Capital Federal]
653 0 _aEDUCACION INICIAL
700 1 _aLipina, Sebastián
942 _cBK
998 _cme-solo cat
999 _c20782
_d20782